Existe-t-il une nation hondurienne? /
Se estudia el caso de la nacionalidad hondureña, zona geopolítica importante, con bases militares estadounidenses establecidas en el lugar, que le permite a la mencionada nación efectuar movimientos de interés político y militar en Honduras y el istmo centroamericano. HB/hmbq
Gardado en:
| Autor Principal: | |
|---|---|
| Formato: | Texto |
| Materias: | |
| Etiquetas: |
Engadir etiqueta
Sen Etiquetas, Sexa o primeiro en etiquetar este rexistro!
|
MARC
| LEADER | 00000 a a2200000 04500 | ||
|---|---|---|---|
| 001 | 2374 | ||
| 003 | |||
| 040 | |||
| 100 | |a Santana, Roberto | ||
| 245 | |a Existe-t-il une nation hondurienne? / |c Roberto Santana | ||
| 520 | |a Se estudia el caso de la nacionalidad hondureña, zona geopolítica importante, con bases militares estadounidenses establecidas en el lugar, que le permite a la mencionada nación efectuar movimientos de interés político y militar en Honduras y el istmo centroamericano. HB/hmbq | ||
| 650 | |a FUERZAS ARMADAS | ||
| 650 | |a INTERVENCION EXTRANJERA | ||
| 650 | |a RELACIONES EXTERIORES | ||
| 773 | |g número 11; páginas 45-53 | ||
| 999 | |c 21651 |d 21651 | ||
